Statistics for Among Us Logic Trivia #2

Click here to take the quiz!

General Stats

  • This quiz has been taken 163 times
  • The average score is 11 of 20

Answer Stats

HintAnswer% Correct
Mr. Egg's color in episode 8Pink
97%
Captain's friend who made him a paper boat hatBill
89%
Character with eyeball lamp hatGoober
69%
Video game Veteran and Player used to playFall Guys
66%
Imposter of episode 5Mother
65%
Phrase [above] says that makes Mr. Cheese kill herMrCheese {dumb}!
62%
Character who Captian says "speaks Mexicano"Ninja
62%
Imposter of episode 5Captain
62%
One of two sabotages that happened in the seriesLights | Reactor
61%
Imposter of episode 5Mr. Cheese
59%
Episode 5 character who never talkedCub
59%
Veteran's stume in episode 6Banana
54%
Room where Mr. Cheese had his revenge on Mr. EggO2
52%
Player's stume in episode 6Devil Horns
49%
Item Veteran used to kill Mr. EggCrowbar
42%
Movie character MrCheese was dressed as in episode 7Dorothy
42%
Activity Veteran, Engineer, and Gnome do on the weekendsFrolfing
41%
Veteran's question at the beginning of episode 6Why is there {lightning} {in} {space}?
27%
Method Veteran used to kill TheGentlemanNeedle Tongue
23%
What does Captain always do before Player kills (or tries to kill) him?Singing
14%

Score Distribution

Percentile by Number Answered

Percent of People with Each Score

Your Score History

You have not taken this quiz